Performance of high voltage dc vacuum circuit breakers (electrostatic and thermal analysis) / (Record no. 179045)

MARC details
000 -LEADER
fixed length control field 04202namaa22004211n 4500
003 - CONTROL NUMBER IDENTIFIER
control field EG-GICUC
005 - أخر تعامل مع التسجيلة
control field 20260409130556.0
008 - FIXED-LENGTH DATA ELEMENTS--GENERAL INFORMATION
fixed length control field 260315s2025 ua a|||frm||| 000 0 eng d
040 ## - CATALOGING SOURCE
Original cataloguing agency EG-GICUC
Language of cataloging eng
Transcribing agency EG-GICUC
Modifying agency EG-GICUC
Description conventions rda
041 0# - LANGUAGE CODE
Language code of text/sound track or separate title eng
Language code of summary or abstract eng
-- ara
049 ## - Acquisition Source
Acquisition Source Deposit
082 04 - DEWEY DECIMAL CLASSIFICATION NUMBER
Classification number 621.314
092 ## - LOCALLY ASSIGNED DEWEY CALL NUMBER (OCLC)
Classification number 621.314
Edition number 21
097 ## - Degree
Degree M.Sc
099 ## - LOCAL FREE-TEXT CALL NUMBER (OCLC)
Local Call Number Cai01.13.07.M.Sc.2025.Ah.P
100 0# - MAIN ENTRY--PERSONAL NAME
Authority record control number or standard number Ahmed Hamdy Mohamed Ibrahim Elsersy,
Preparation preparation.
245 10 - TITLE STATEMENT
Title Performance of high voltage dc vacuum circuit breakers (electrostatic and thermal analysis) /
Statement of responsibility, etc. by Ahmed Hamdy Mohamed Ibrahim Elsersy ; Supervisors Prof. Dr. Osama El-Sayed Gouda.
246 15 - VARYING FORM OF TITLE
Title proper/short title أداء القواطع المفرغة لدوائر الجهد العالي المستمر (تحليل كهروستاتيكي وحراري)
264 #0 - PRODUCTION, PUBLICATION, DISTRIBUTION, MANUFACTURE, AND COPYRIGHT NOTICE
Date of production, publication, distribution, manufacture, or copyright notice 2025.
300 ## - PHYSICAL DESCRIPTION
Extent 83 pages :
Other physical details illustrations ;
Dimensions 25 cm. +
Accompanying material CD.
336 ## - CONTENT TYPE
Content type term text
Source rda content
337 ## - MEDIA TYPE
Media type term Unmediated
Source rdamedia
338 ## - CARRIER TYPE
Carrier type term volume
Source rdacarrier
502 ## - DISSERTATION NOTE
Dissertation note Thesis (M.Sc)-Cairo University, 2025.
504 ## - BIBLIOGRAPHY, ETC. NOTE
Bibliography, etc. note Bibliography: pages 79-83.<br/>
520 #3 - SUMMARY, ETC.
Summary, etc. This thesis investigates the performance of High Voltage Direct Current (HVDC) vacuum <br/>circuit breakers, emphasizing electrostatic and thermal analyses. The study introduces the <br/>operational principles of vacuum circuit breakers and their components, focusing on the arc <br/>extinction process and critical parameters influencing circuit breaker functionality. Various <br/>simulation models are developed to analyze key aspects such as electric field distribution, <br/>contact material properties, and thermal performance. The findings demonstrate that the <br/>enhancements in model simulation and optimization can significantly improve the efficiency <br/>and reliability of vacuum circuit breakers in HVDC applications. This research contributes to a <br/>deeper understanding of HVDC systems and identifies potential areas for future study and <br/>technology advancement in electrical power engineering.
520 #3 - SUMMARY, ETC.
Summary, etc. تتناول هذه الرساله أداء قواطع الدائرة الفراغية للتيار المستمر عالي الجهد (HVDC)، مع التركيز على التحليلات الكهروستاتيكية والحرارية. قدم البحث المبادئ التشغيلية لقواطع الدائرة الفراغية ومكوناتها، مع تسليط الضوء على عملية إخماد القوس والمعلمات الأساسية التي تؤثر على وظيفة القاطع. تم تطوير نماذج محاكاة مختلفة لتحليل جوانب رئيسية مثل توزيع المجال الكهربائي، وخصائص مادة التلامس، والأداء الحراري. تُظهر النتائج أن تحسين محاكاة النماذج وعمليات التحسين يمكن أن يحسن بشكل كبير من كفاءة وموثوقية قواطع الدائرة الفراغية في تطبيقات التيار المستمر عالي الجهد. يساهم هذا البحث في تعزيز الفهم لأنظمة التيار المستمر عالي الجهد ويحدد مجالات محتملة للدراسات المستقبلية وتطوير التكنولوجيا في هندسة الطاقة الكهربائية.
530 ## - ADDITIONAL PHYSICAL FORM AVAILABLE NOTE
Issues CD Issues also as CD.
546 ## - LANGUAGE NOTE
Text Language Text in English and abstract in Arabic & English.
650 #0 - SUBJECT ADDED ENTRY--TOPICAL TERM
Topical term or geographic name entry element Electrical engineering
650 #0 - SUBJECT ADDED ENTRY--TOPICAL TERM
Topical term or geographic name entry element هندسة القوى الكهربية
653 #1 - INDEX TERM--UNCONTROLLED
Uncontrolled term High Voltage Direct Current
-- Electrical Parameters
-- Circuit Breakers
-- Vacuum Circuit Breakers
-- Vacuum Interrupters
-- Arc Extinction Process
-- Electrostatic Analysis
-- Thermal Analysis
-- Contact Material
-- Model Simulation
-- التيار المستمر عالي الجهد
-- قواطع الدائرة الفراغية
700 0# - ADDED ENTRY--PERSONAL NAME
Personal name Osama El-Sayed Gouda
Relator term thesis advisor.
900 ## - Thesis Information
Grant date 01-01-2025
Supervisory body Osama El-Sayed Gouda
Discussion body Ahdab Mohamed Kamel El-Morshedy
-- Sayed Abo El-Sood Sayed Ward
Universities Cairo University
Faculties Faculty of Engineering
Department Department of Electrical Power Engineering
905 ## - Cataloger and Reviser Names
Cataloger Name Shimaa
Reviser Names Eman Ghareb
942 ## - ADDED ENTRY ELEMENTS (KOHA)
Source of classification or shelving scheme Dewey Decimal Classification
Koha item type Thesis
Edition 21
Suppress in OPAC No
Holdings
Source of classification or shelving scheme Home library Current library Date acquired Inventory number Full call number Barcode Date last seen Effective from Koha item type
Dewey Decimal Classification المكتبة المركزبة الجديدة - جامعة القاهرة قاعة الرسائل الجامعية - الدور الاول 15.03.2026 93582 Cai01.13.07.M.Sc.2025.Ah.P 01010110093582000 15.03.2026 15.03.2026 Thesis
Cairo University Libraries Portal Implemented & Customized by: Eng. M. Mohamady Contacts: new-lib@cl.cu.edu.eg | cnul@cl.cu.edu.eg
CUCL logo CNUL logo
© All rights reserved — Cairo University Libraries
CUCL logo
Implemented & Customized by: Eng. M. Mohamady Contact: new-lib@cl.cu.edu.eg © All rights reserved — New Central Library
CNUL logo
Implemented & Customized by: Eng. M. Mohamady Contact: cnul@cl.cu.edu.eg © All rights reserved — Cairo National University Library